Score 0/26 Timer 02:00
1 Play Today
Hint Missing Word % Correct
The ______ PantherPink
95.1%
Teenage _____ Ninja TurtlesMutant
94.9%
_____ & JerryTom
93.1%
Sonic the _____Hedgehog
92.7%
_____ Doo, Where Are You! Scooby
92.6%
The _____ Bunny ShowBugs
92.3%
All Grown _____!Up
92.2%
_____ GadgetInspector
91.9%
Fantastic _____Four
90.3%
_____ of the JungleGeorge
89.9%
Ed, _____ 'n' EddyEdd
89%
_____ - Men: EvolutionX
87.2%
_____ & Dale: Rescue RangersChip
86.8%
Hint Missing Word % Correct
The _____ TunesLooney
86.3%
The Adventures of Jimmy _____: Boy GeniusNeutron
84.3%
_____ BravoJohnny
83.4%
_____ PossibleKim
83%
_____ LaboratoryDexter's
78.1%
The Fairly _____OddParents
76.7%
The _____ and Stimpy ShowRen
75.9%
_____ - Gi - OhYu
75.7%
The _____ ThornberriesWild
74.5%
_____ Teen Hunger ForceAqua
59.2%
The Real Adventures of Jonny ______Quest
51.8%
Invader _____Zim
46.5%
The _____ Bros.Venture
22.7%

Today's Daily Dose

Missing Word
'T' Pairs

Word Ladder
Game Pieces

Get the Picture
Baseball Movies

Remove Ads.
Support Sporcle.
Get the best of Sporcle when you Go Orange. This ad-free experience offers more features, more stats, and more fun while also helping to support Sporcle. Thank you for becoming a member.

You're not logged in!

Compare scores with friends on all Sporcle quizzes.
OR
Log In

Show Comments

Extras

Top Quizzes Today


Score Distribution

Your Account Isn't Verified!

In order to create a playlist on Sporcle, you need to verify the email address you used during registration. Go to your Sporcle Settings to finish the process.

Report this User

Report this user for behavior that violates our Community Guidelines.

Details: